আন্তর্জাতিক সম্পর্ক / (Record no. 11991)
[ view plain ]
| 000 -LEADER | |
|---|---|
| fixed length control field | 00832nam a2200229 a 4500 |
| 001 - CONTROL NUMBER | |
| control field | 011991 |
| 003 - CONTROL NUMBER IDENTIFIER | |
| control field | BD-ChCU |
| 005 - DATE AND TIME OF LATEST TRANSACTION | |
| control field | 20251203090621.0 |
| 008 - FIXED-LENGTH DATA ELEMENTS--GENERAL INFORMATION | |
| fixed length control field | Ben |
| 020 ## - INTERNATIONAL STANDARD BOOK NUMBER | |
| International Standard Book Number | ৮১৭৩৮১১৫৮এক্স |
| 040 ## - CATALOGING SOURCE | |
| Original cataloging agency | DLC |
| Transcribing agency | DLC |
| Modifying agency | BD-ChCU |
| 082 00 - DEWEY DECIMAL CLASSIFICATION NUMBER | |
| Classification number | ৩২৭/দাশ ৫৬ আ |
| 100 1# - MAIN ENTRY--PERSONAL NAME | |
| Personal name | দাশ, প্রানগোবিন্দ |
| Numeration | . |
| 245 10 - TITLE STATEMENT | |
| Title | আন্তর্জাতিক সম্পর্ক / |
| Remainder of title | . |
| Statement of responsibility, etc. | প্রানগোবিন্দ দাশ |
| 250 ## - EDITION STATEMENT | |
| Edition statement | *** |
| 260 ## - PUBLICATION, DISTRIBUTION, ETC. | |
| Place of publication, distribution, etc. | কলিকাতা : |
| Name of publisher, distributor, etc. | নিউ সেন্ট্রাল বুক এজেন্সি, |
| Date of publication, distribution, etc. | ১৯৯১ |
| 300 ## - PHYSICAL DESCRIPTION | |
| Extent | ** |
| 504 ## - BIBLIOGRAPHY, ETC. NOTE | |
| Bibliography, etc. note | . Biblio- |
| 650 #0 - SUBJECT ADDED ENTRY--TOPICAL TERM | |
| Topical term or geographic name entry element | আন্তর্জাতিক সম্পর্ক |
| Topical term following geographic name entry element | রাজনীতিবিঞ্জান |
| 700 1# - ADDED ENTRY--PERSONAL NAME | |
| Personal name | . |
| 942 ## - ADDED ENTRY ELEMENTS (KOHA) | |
| Source of classification or shelving scheme | Dewey Decimal Classification |
| Koha item type | Books |
| Withdrawn status | Lost status | Source of classification or shelving scheme | Damaged status | Not for loan | Home library | Current library | Shelving location | Date acquired | Source of acquisition | Total Checkouts | Full call number | Barcode | Date last seen | Copy number | Price effective from | Koha item type | Public note |
|---|---|---|---|---|---|---|---|---|---|---|---|---|---|---|---|---|---|
| Dewey Decimal Classification | Chittagong University Library | International Relations Seminar Library | Business and Social Science Reading Room | 14/06/2015 | অনুদান | ৩২৭/দাশ ৫৬ আ | B১৯৯১৫৪ | 13/09/2015 | ০১ | 13/09/2015 | Books | প্রফেসর ড. আবদুল করিম প্রদত্ত | |||||
| Dewey Decimal Classification | Chittagong University Library | International Relations Seminar Library | Business and Social Science Reading Room | 14/06/2015 | অনুদান | ৩২৭/দাশ ৫৬ আ | B১৯৯১৫৫ | 13/09/2015 | ০২ | 13/09/2015 | Books | প্রফেসর ড. আবদুল করিম প্রদত্ত | |||||
| Dewey Decimal Classification | Chittagong University Library | International Relations Seminar Library | Business and Social Science Reading Room | 08/11/2016 | ক্রয়কৃত | ৩২৭/দাশ ৫৬ আ | B২৮৪৯৯৩ | 08/11/2016 | ০৩ | 08/11/2016 | Books | ||||||
| Dewey Decimal Classification | Chittagong University Library | International Relations Seminar Library | Business and Social Science Reading Room | 08/11/2016 | ক্রয়কৃত | ৩২৭/দাশ ৫৬ আ | B২৮৪৯৯৪ | 08/11/2016 | ০৪ | 08/11/2016 | Books |